Loading...
Literature - European Literature | 0 | 4 | 1 | 1 | 35 | 55 | 83.75 | 1 | 4 |
Literature - British Literature | 0 | 3 | 1 | 1 | 25 | 95 | 104.00 | 0 | 1 |
Philosophy | 0 | 2 | 1 | 0 | 15 | 94 | 95.00 | 0 | 2 |
Literature - World Literature | 0 | 2 | 1 | 0 | 15 | 86 | 93.50 | 0 | 1 |
Science - Chemistry | 0 | 1 | 0 | 0 | 10 | 94 | 94.00 | 0 | 0 |
History - European History | 0 | 1 | 0 | 0 | 10 | 62 | 62.00 | 0 | 0 |
History - World History | 0 | 1 | 0 | 0 | 10 | 64 | 64.00 | 0 | 0 |
Literature - American Literature | 0 | 2 | 2 | 1 | 10 | 98 | 99.50 | 0 | 0 |
Mythology | 0 | 1 | 1 | 1 | 5 | 124 | 124.00 | 0 | 0 |
History - American History | 0 | 1 | 2 | 0 | 0 | 58 | 58.00 | 0 | 0 |
History - Other History | 0 | 0 | 1 | 0 | -5 | 0.00 | 0 | 0 | |
Fine Arts - Other Fine Arts | 0 | 0 | 1 | 0 | -5 | 0.00 | 0 | 0 | |
Painting/Sculpture | 0 | 0 | 2 | 0 | -10 | 0.00 | 0 | 0 |